[Event "24th ECC"]
[Site "Kallithea GRE"]
[Date "2008.10.21"]
[Round "5"]
[White "Maksimenko, An"]
[Black "Areshchenko, A."]
[Result "1/2-1/2"]
[WhiteElo "2536"]
[BlackElo "2664"]
[PlyCount "42"]
[EventDate "2008.10.17"]

1. Nf3 Nf6 2. c4 g6 3. Nc3 d5 4. Qa4+ Bd7 5. Qb3 dxc4 6. Qxc4 a6 7. d4 b5 8.
Qb3 c5 9. dxc5 Bg7 10. e4 Bc6 11. Be2 Nxe4 12. Nxe4 Bxe4 13. O-O Bd5 14. Qe3
Nc6 15. Rd1 O-O 16. Rb1 Ra7 17. b3 Rd7 18. Bb2 Bxb2 19. Rxb2 Bxf3 20. Rxd7 Qxd7
21. Bxf3 Nd4 1/2-1/2

[Event "24th ECC"]
[Site "Kallithea GRE"]
[Date "2008.10.21"]
[Round "5"]
[White "Gonzalez de la Torre, S."]
[Black "Najer, E."]
[Result "0-1"]
[WhiteElo "2382"]
[BlackElo "2682"]
[PlyCount "78"]
[EventDate "2008.10.17"]

1. e4 c5 2. Nf3 d6 3. d4 cxd4 4. Nxd4 Nf6 5. Nc3 a6 6. Bc4 e6 7. Bb3 b5 8. O-O
Be7 9. Qf3 Qc7 10. Qg3 Nc6 11. Nxc6 Qxc6 12. Re1 Bb7 13. a3 O-O 14. Bh6 Ne8 15.
Rad1 Kh8 16. Bg5 Bxg5 17. Qxg5 Nf6 18. Rd3 Rad8 19. Qd2 Rd7 20. f3 h6 21. Kh1
Rfd8 22. Ne2 Qb6 23. Ng3 Kg8 24. a4 b4 25. a5 Qxa5 26. Rd4 Bc6 27. Qxb4 Qxb4
28. Rxb4 a5 29. Rb6 Rc7 30. Ra6 a4 31. Ba2 d5 32. e5 Nd7 33. h4 Rb8 34. b3 Bb5
35. Ra5 Rxc2 36. bxa4 Bc6 37. Bb1 Rc4 38. Bd3 Rxh4+ 39. Kg1 Rxa4 0-1

[Event "24th ECC"]
[Site "Kallithea GRE"]
[Date "2008.10.21"]
[Round "5"]
[White "Kobalia, M."]
[Black "Argandona Riveiro, I."]
[Result "1-0"]
[WhiteElo "2630"]
[BlackElo "2385"]
[PlyCount "55"]
[EventDate "2008.10.17"]

1. e4 c5 2. Nf3 e6 3. d4 cxd4 4. Nxd4 Nf6 5. Nc3 Nc6 6. a3 d6 7. Be2 e5 8. Nxc6
bxc6 9. O-O Be6 10. Kh1 h5 11. f4 Bg4 12. h3 Qb6 13. Qd3 Bxe2 14. Qxe2 h4 15.
Be3 Nh5 16. Qd3 Ng3+ 17. Kg1 Qxb2 18. Rfe1 Qb7 19. Rab1 Qc7 20. Qc4 Qc8 21.
Red1 Be7 22. fxe5 dxe5 23. Bc5 Qe6 24. Qb4 f6 25. Bxe7 Qxe7 26. Qc4 Kf8 27.
Qxc6 Re8 28. Rb7 1-0

[Event "24th ECC"]
[Site "Kallithea GRE"]
[Date "2008.10.21"]
[Round "5"]
[White "Brandner, S."]
[Black "Ivanisevic, I."]
[Result "0-1"]
[WhiteElo "2296"]
[BlackElo "2658"]
[PlyCount "48"]
[EventDate "2008.10.17"]

1. e4 c5 2. Nf3 e6 3. d3 Nc6 4. g3 g6 5. Bg2 Bg7 6. O-O Nge7 7. Nbd2 O-O 8. h4
d6 9. Nh2 e5 10. h5 Be6 11. Ndf3 h6 12. Nh4 g5 13. f4 exf4 14. gxf4 gxh4 15. f5
h3 16. Bxh3 Bd7 17. f6 Bxh3 18. fxg7 Kxg7 19. Rf3 Qd7 20. Qd2 Ng8 21. Qe3 Be6
22. Bd2 Ne5 23. Rg3+ Kh7 24. Kh1 f5 0-1